000 00435nam a2200145Ia 4500
008 220214s9999 xx 000 0 und d
022 _a0304-4238
245 0 _aSCIENTIA HORTICULTURAE
260 _bElsevier, Amsterdam, The Netherlands
310 _a4vy
500 _aEnding Volume & Year: 78, 1999
500 _aMissing Volume: 36-43;55(1-2);72(2);73(4);74(1-2);76(3-4)
500 _aStarting Volume & Year: 32, 1987
942 _cBJ
999 _c19049
_d19049